[Event "94th GER-ch"]
[Site "Ostfildern GER"]
[Date "2023.08.18"]
[Round "7.4"]
[White "Dahl, Christoph"]
[Black "Meister, Jakob"]
[Result "1-0"]
[WhiteElo "2336"]
[BlackElo "2439"]
[EventDate "2023.08.13"]
[PlyCount "93"]

1.e4 e5 2.Nf3 Nc6 3.Bb5 a6 4.Bxc6 dxc6 5.O-O f6 6.d4 Bg4 7.c3 c5 8.d5 Bd6 
9.Qd3 Ne7 10.h3 Bd7 11.Nbd2 g5 12.Nc4 Ng6 13.Ne3 Nf4 14.Qd1 h5 15.Nf5 Ng6 
16.Qd3 Kf7 17.Re1 Ne7 18.Nxd6+ cxd6 19.Bxg5 fxg5 20.Nxg5+ Kg7 21.Rad1 Ng6 
22.Ne6+ Bxe6 23.dxe6 Qe7 24.Qxd6 Qxd6 25.Rxd6 Rhe8 26.Red1 Re7 27.Rb6 Rc8 
28.Rd5 h4 29.g3 Rcc7 30.Kg2 hxg3 31.fxg3 Kf6 32.Rd7 Nf8 33.Rd8 Nxe6 34.
Rf8+ Rf7 35.Rh8 Rfe7 36.Rh6+ Kf7 37.Rbxe6 Rxe6 38.Rh7+ Kf6 39.Rxc7 b6 40.
h4 Rd6 41.Kf3 Rd3+ 42.Kg4 Re3 43.Rc6+ Ke7 44.Rxb6 Rxe4+ 45.Kf5 Re2 46.Rxa6
Rxb2 47.h5 1-0

[Event "94th GER-ch"]
[Site "Ostfildern GER"]
[Date "2023.08.18"]
[Round "7.5"]
[White "Miller, Eduard"]
[Black "Poetsch, Hagen"]
[Result "1/2-1/2"]
[WhiteElo "2324"]
[BlackElo "2484"]
[EventDate "2023.08.13"]
[PlyCount "50"]

1.d4 Nf6 2.Bf4 c5 3.d5 b5 4.e4 Nxe4 5.Qf3 Qa5+ 6.Nd2 Nxd2 7.Bxd2 Qb6 8.a4 
b4 9.c3 Bb7 10.Bc4 e6 11.Ne2 exd5 12.Bxd5 Bxd5 13.Qxd5 Qc6 14.Nf4 Bd6 15.
O-O-O O-O 16.Be3 Bxf4 17.Bxf4 Qxa4 18.Qxa8 bxc3 19.Bd6 Qb3 20.bxc3 Qxc3+ 
21.Kb1 Qb3+ 22.Ka1 Qa3+ 23.Kb1 Qb3+ 24.Ka1 Qa3+ 25.Kb1 Qb3+ 1/2-1/2

[Event "94th GER-ch"]
[Site "Ostfildern GER"]
[Date "2023.08.18"]
[Round "7.6"]
[White "Colbow, Collin"]
[Black "Stelmaszyk, Nico"]
[Result "1/2-1/2"]
[WhiteElo "2409"]
[BlackElo "2337"]
[EventDate "2023.08.13"]
[PlyCount "98"]

1.Nf3 d5 2.e3 Nf6 3.c4 e6 4.Nc3 Be7 5.b3 O-O 6.Bb2 b6 7.cxd5 exd5 8.g3 
Nbd7 9.Rc1 Nc5 10.Nb5 Bb7 11.Nbd4 Re8 12.Be2 Nfe4 13.O-O a6 14.b4 Ne6 15.
Nxe6 fxe6 16.Qb3 Bd6 17.d3 Ng5 18.Nxg5 Qxg5 19.f4 Qe7 20.Be5 Bxe5 21.fxe5 
c5 22.Rf4 Rec8 23.Bg4 Rc6 24.bxc5 bxc5 25.Rcf1 c4 26.dxc4 dxc4 27.Rxc4 
Rxc4 28.Qxc4 Bd5 29.Qe2 Qc5 30.Qf2 Rf8 31.Qxf8+ Qxf8 32.Rxf8+ Kxf8 33.a3 
Ke7 34.Kf2 Kd7 35.Ke2 Kc6 36.Kd3 Kc5 37.Kc3 a5 38.Bd1 h6 39.Bb3 Bxb3 40.
Kxb3 Kb5 41.g4 g5 42.h3 Kc5 43.Ka4 Kb6 44.e4 Ka6 45.Kb3 Kb5 46.a4+ Kc5 47.
Kc3 Kb6 48.Kd4 Kc6 49.Kc4 Kb6 1/2-1/2

[Event "94th GER-ch"]
[Site "Ostfildern GER"]
[Date "2023.08.18"]
[Round "7.7"]
[White "Ronge, Tim"]
[Black "Hacker, Jonas"]
[Result "0-1"]
[WhiteElo "2273"]
[BlackElo "2406"]
[EventDate "2023.08.13"]
[PlyCount "72"]

1.e4 c5 2.Nc3 e6 3.Nge2 Nc6 4.d4 cxd4 5.Nxd4 Nf6 6.a3 Be7 7.Nxc6 bxc6 8.e5
Nd5 9.Ne4 Qc7 10.f4 f5 11.Nd6+ Bxd6 12.exd6 Qb6 13.Qh5+ Kf8 14.Bd3 Ba6 15.
Qe2 Bxd3 16.Qxd3 a5 17.b3 Kf7 18.g4 fxg4 19.c4 Nf6 20.Be3 c5 21.O-O Qc6 
22.Rae1 Rhe8 23.Bf2 Ra6 24.Re5 Qxd6 25.Qxd6 Rxd6 26.Rxc5 Rd3 27.Rb1 Ra8 
28.Be1 a4 29.b4 Rxa3 30.Ra5 Rb8 31.b5 Rb3 32.Rc1 a3 33.Ra7 Kg6 34.Bc3 Rc8 
35.Be5 Rxb5 36.f5+ exf5 0-1

[Event "94th GER-ch"]
[Site "Ostfildern GER"]
[Date "2023.08.18"]
[Round "7.8"]
[White "Feidt, Jonas"]
[Black "Eichstaedt, Mirko"]
[Result "0-1"]
[WhiteElo "1974"]
[BlackElo "2237"]
[EventDate "2023.08.13"]
[PlyCount "118"]

1.c4 Nf6 2.g3 c6 3.Bg2 d5 4.Nf3 Bf5 5.d4 e6 6.Nc3 Be7 7.Qb3 Qb6 8.c5 Qxb3 
9.axb3 Ne4 10.O-O Nd7 11.b4 a6 12.h3 O-O 13.g4 Bg6 14.Bf4 h6 15.Nxe4 Bxe4 
16.Nd2 Bxg2 17.Kxg2 Nf6 18.Nb3 Rfd8 19.Na5 Rd7 20.f3 Bd8 21.Bd2 Ne8 22.Bc3
f5 23.Nb3 Bc7 24.Nc1 Rad8 25.Nd3 Re7 26.e3 Nf6 27.Ne5 Kh7 28.Rg1 g5 29.Kf2
Nd7 30.gxf5 exf5 31.f4 Rg8 32.Rg2 Nf6 33.Rag1 Reg7 34.Be1 Kh8 35.Ke2 Ne4 
36.h4 Bxe5 37.dxe5 g4 38.Bg3 Rd8 39.Rd1 Rgd7 40.Rd4 Kg7 41.h5 Ra8 42.Be1 
Kf7 43.Rd1 Ke6 44.Rd4 Rg7 45.Rd1 Rd8 46.Bg3 Rdg8 47.Kd3 Ra8 48.Kd4 Rgg8 
49.Ra1 Ra7 50.Kd3 Rga8 51.Be1 a5 52.bxa5 Nxc5+ 53.Kc3 Rxa5 54.Rxa5 Rxa5 
55.Kd4 Rb5 56.b4 Na6 57.Rb2 c5+ 58.Kd3 Nxb4+ 59.Bxb4 Rxb4 0-1

[Event "94th GER-ch"]
[Site "Ostfildern GER"]
[Date "2023.08.18"]
[Round "7.9"]
[White "Dauner, Benedikt"]
[Black "Gloeckler, Christian"]
[Result "0-1"]
[WhiteElo "2377"]
[BlackElo "2318"]
[EventDate "2023.08.13"]
[PlyCount "130"]

1.d4 Nf6 2.Nf3 d5 3.Bf4 c5 4.e3 Nc6 5.Nbd2 cxd4 6.exd4 Bf5 7.c3 e6 8.Qb3 
Qc8 9.Nh4 Be7 10.Nxf5 exf5 11.Be2 O-O 12.O-O Re8 13.Rfe1 g6 14.Nf3 a6 15.
Ne5 Nxe5 16.Bxe5 Qc6 17.c4 Rad8 18.Rac1 Qd7 19.Bf3 Ne4 20.Bxe4 dxe4 21.
Rcd1 b5 22.d5 Bc5 23.Bd4 Bf8 24.Bb6 bxc4 25.Qxc4 Rb8 26.Bd4 Qb5 27.Qc1 Rb7
28.Bc3 Rd7 29.Qd2 Bg7 30.Bxg7 Kxg7 31.Qd4+ f6 32.a4 Qb3 33.Re3 Qb7 34.Rc3 
f4 35.Rc6 Re5 36.Qc5 Qb3 37.Qc2 Rexd5 38.Rxd5 Qxd5 39.Rc7 f3 40.Rxd7+ Qxd7
41.h3 fxg2 42.b4 g5 43.Kxg2 e3 44.fxe3 Qb7+ 45.Kg3 Qxb4 46.Qc7+ Kg6 47.
Qc2+ Kh6 48.Qc6 Qe1+ 49.Kg2 Qe2+ 50.Kh1 Qf1+ 51.Kh2 Qf2+ 52.Kh1 Kh5 53.Qd7
Qf3+ 54.Kh2 Qe2+ 55.Kh1 Kh4 56.Qxh7+ Kg3 57.Qc7+ Kf2 58.Qh2+ Kxe3 59.Qg1+ 
Kf4 60.a5 f5 61.Qc1+ Qe3 62.Qc7+ Kf3 63.Qc6+ Qe4 64.Qc3+ Kf2+ 65.Kh2 Qg2# 
0-1

[Event "94th GER-ch"]
[Site "Ostfildern GER"]
[Date "2023.08.18"]
[Round "7.10"]
[White "Nemitz, Alfred"]
[Black "Tschernatsch, Johannes"]
[Result "1-0"]
[WhiteElo "2228"]
[BlackElo "2319"]
[EventDate "2023.08.13"]
[PlyCount "139"]

1.d4 Nf6 2.Nf3 g6 3.Bg5 Bg7 4.Nbd2 c5 5.Bxf6 Bxf6 6.Ne4 Qb6 7.Nxf6+ Qxf6 
8.e3 O-O 9.c3 d6 10.Be2 cxd4 11.exd4 e5 12.O-O Nc6 13.dxe5 dxe5 14.Qa4 Bd7
15.Rfe1 Rad8 16.Rad1 Nd4 17.Qxa7 Nxe2+ 18.Rxe2 Bg4 19.Rxd8 Rxd8 20.Qe3 
Bxf3 21.gxf3 Qf5 22.Kg2 Rd3 23.Qe4 Qg5+ 24.Qg4 Qc1 25.Qa4 Qg5+ 26.Qg4 Qc1 
27.Qa4 Qg5+ 28.Kf1 Rd8 29.h4 Qf5 30.Kg2 Qb1 31.b4 Qa1 32.Qb5 f6 33.Qc4+ 
Kf8 34.Qe6 Rd1 35.Qxf6+ Kg8 36.Qe6+ Kf8 37.Qf6+ Kg8 38.Rxe5 Rg1+ 39.Kh2 
Rh1+ 40.Kg3 Rg1+ 41.Kf4 Qc1+ 42.Re3 Qd2 43.Qd4 Qc1 44.Ke5 Qc2 45.Qd7 Qxf2 
46.Qd8+ Kg7 47.Qe7+ Kh6 48.Kd6 Qg3+ 49.Kc5 Qf4 50.Qe5 Qf8+ 51.Kb6 Qd8+ 52.
Kxb7 Qxh4 53.Re4 Qh3 54.Qf4+ Rg5 55.Qh4+ Qxh4 56.Rxh4+ Rh5 57.Rc4 Rf5 58.
a4 Rxf3 59.a5 g5 60.a6 Rf7+ 61.Rc7 Rf8 62.a7 g4 63.Rc8 Rf7+ 64.Kb8 Rxa7 
65.Kxa7 Kg7 66.Rc5 Kg6 67.Ra5 g3 68.b5 h5 69.b6 g2 70.Ra1 1-0

[Event "94th GER-ch"]
[Site "Ostfildern GER"]
[Date "2023.08.18"]
[Round "7.11"]
[White "Graf, Alexander"]
[Black "Weber, Samuel"]
[Result "1-0"]
[WhiteElo "2543"]
[BlackElo "2276"]
[EventDate "2023.08.13"]
[PlyCount "47"]

1.g3 Nf6 2.Bg2 g6 3.b3 Bg7 4.Bb2 d5 5.Nf3 O-O 6.c4 c6 7.O-O Bf5 8.d3 Re8 
9.Nbd2 a5 10.Qc2 Na6 11.a3 b5 12.e4 dxe4 13.dxe4 Nxe4 14.Bxg7 Nf6 15.Qb2 
Kxg7 16.Ne5 bxc4 17.Ndxc4 c5 18.g4 Be6 19.g5 Qb8 20.Nxa5 Qc7 21.gxf6+ exf6
22.Nec4 Rad8 23.Rad1 Nb8 24.Qc3 1-0

[Event "94th GER-ch"]
[Site "Ostfildern GER"]
[Date "2023.08.18"]
[Round "7.12"]
[White "Wachinger, Nikolas"]
[Black "Wong, Gengchun"]
[Result "1-0"]
[WhiteElo "2446"]
[BlackElo "2257"]
[EventDate "2023.08.13"]
[PlyCount "85"]

1.e4 c5 2.Nf3 d6 3.Bb5+ Nc6 4.O-O Bd7 5.Re1 Nf6 6.c3 a6 7.Bf1 Bg4 8.d4 
Bxf3 9.gxf3 cxd4 10.cxd4 g6 11.Nc3 Bg7 12.f4 O-O 13.Be3 Na5 14.e5 Ne8 15.
b4 Rc8 16.bxa5 Rxc3 17.Rb1 Ra3 18.Bd2 dxe5 19.dxe5 Rxa2 20.Bb4 Nc7 21.Qb3 
Rd2 22.Bxd2 Qxd2 23.Qb4 Qd7 24.Qxb7 Qg4+ 25.Bg2 Ne6 26.Qf3 Qf5 27.Bf1 Nxf4
28.Rb4 g5 29.Rbe4 e6 30.Bxa6 f6 31.Rxf4 gxf4 32.Bd3 Qg5+ 33.Kh1 f5 34.a6 
Qe7 35.Bc4 Kh8 36.Qb7 Qxb7+ 37.axb7 Rb8 38.Rb1 Bxe5 39.Bxe6 Re8 40.Bxf5 
Kg7 41.Re1 Kf6 42.Bc8 f3 43.b8=Q 1-0

[Event "94th GER-ch"]
[Site "Ostfildern GER"]
[Date "2023.08.18"]
[Round "7.13"]
[White "Krassowizkij, Jaroslaw"]
[Black "Herrmann, Jakob"]
[Result "1-0"]
[WhiteElo "2445"]
[BlackElo "2068"]
[EventDate "2023.08.13"]
[PlyCount "61"]

1.e4 c6 2.Nf3 d5 3.d3 dxe4 4.dxe4 Qxd1+ 5.Kxd1 Nf6 6.Nfd2 g5 7.a4 g4 8.Nc3
Be6 9.h3 gxh3 10.g3 h2 11.Ke1 Nfd7 12.Rxh2 Bg7 13.Ne2 Nc5 14.Nf4 Nbd7 15.
Nxe6 Nxe6 16.Nb3 O-O 17.f3 Ndc5 18.Nxc5 Nxc5 19.Rh5 b6 20.a5 Rfd8 21.Ra3 
Ne6 22.c3 b5 23.a6 Rd6 24.Be3 Nd8 25.Rb3 Rd7 26.c4 bxc4 27.Bxc4 e6 28.Bc5 
Rc8 29.e5 f6 30.f4 fxe5 31.f5 1-0

[Event "94th GER-ch"]
[Site "Ostfildern GER"]
[Date "2023.08.18"]
[Round "7.14"]
[White "Schulz, Lukas"]
[Black "Weishaeutel, Moritz"]
[Result "1/2-1/2"]
[WhiteElo "2347"]
[BlackElo "2427"]
[EventDate "2023.08.13"]
[PlyCount "99"]

1.e4 e5 2.f4 exf4 3.Nf3 Nf6 4.e5 Nh5 5.Be2 d6 6.O-O dxe5 7.Nxe5 Bc5+ 8.Kh1
Nf6 9.c3 Bd6 10.Nc4 O-O 11.d4 g5 12.Bd3 Nc6 13.Nbd2 Re8 14.Qc2 h6 15.Nf3 
Be6 16.Bd2 Bf8 17.Rae1 Bg7 18.Kg1 Nd7 19.g3 fxg3 20.hxg3 Nf6 21.Nxg5 hxg5 
22.Bxg5 Bxc4 23.Rxe8+ Qxe8 24.Bxc4 Na5 25.Bd3 Ng4 26.Qd2 Qc6 27.Qf4 Nh6 
28.b4 Qxc3 29.Bxh6 Qxd4+ 30.Kh2 Qxf4 31.Bxf4 Nc6 32.Bxc7 Rc8 33.Bf4 Nxb4 
34.Be4 b6 35.a3 Re8 36.Re1 Nd5 37.Bh7+ Kf8 38.Bd6+ Ne7 39.Rxe7 Rxe7 40.a4 
Be5 41.Bxe7+ Kxe7 42.Kg2 Kd6 43.g4 Bf4 44.Kf3 Bg5 45.Bf5 Kc5 46.Bd7 a6 47.
Ke2 b5 48.axb5 axb5 49.Kd3 b4 50.Kc2 1/2-1/2

[Event "94th GER-ch"]
[Site "Ostfildern GER"]
[Date "2023.08.18"]
[Round "7.15"]
[White "Ehmann, Thilo"]
[Black "Bracker, Arne"]
[Result "1/2-1/2"]
[WhiteElo "2402"]
[BlackElo "2267"]
[EventDate "2023.08.13"]
[PlyCount "119"]

1.e4 e5 2.Nf3 Nc6 3.Bb5 a6 4.Ba4 Nf6 5.O-O b5 6.Bb3 Bc5 7.c3 d6 8.d4 Bb6 
9.a4 Rb8 10.a5 Ba7 11.h3 O-O 12.Be3 Ra8 13.Nbd2 h6 14.Re1 Re8 15.Nf1 exd4 
16.Nxd4 Nxd4 17.Bxd4 c5 18.Bxf6 Qxf6 19.Bd5 c4 20.Ne3 Rb8 21.Qd2 Bd7 22.
Nc2 Re5 23.Nd4 Rg5 24.Kh2 Rh5 25.Re3 Qf4+ 26.Kg1 Bxh3 27.gxh3 Rxh3 28.Rd1 
Qg4+ 29.Rg3 Rxg3+ 30.fxg3 Qxg3+ 31.Qg2 Qe3+ 32.Kh1 Bxd4 33.cxd4 Rc8 34.Rf1
Rc7 35.Qf3 Qxf3+ 36.Rxf3 b4 37.Rf2 c3 38.bxc3 bxc3 39.Rc2 g5 40.Kg2 Kg7 
41.Kf3 h5 42.Bb3 Kg6 43.Re2 f5 44.exf5+ Kxf5 45.Bc2+ Kf6 46.Rh2 g4+ 47.Kf4
Rc4 48.Rxh5 Rxd4+ 49.Ke3 Rd2 50.Bd3 g3 51.Rf5+ Ke6 52.Rg5 g2 53.Bxa6 d5 
54.Bd3 d4+ 55.Ke4 c2 56.Bxc2 Rxc2 57.a6 Ra2 58.a7 Rxa7 59.Rxg2 Ra4 60.Rd2 
1/2-1/2

[Event "94th GER-ch"]
[Site "Ostfildern GER"]
[Date "2023.08.18"]
[Round "7.16"]
[White "Wichmann, Cliff"]
[Black "Gramb, Marius"]
[Result "1-0"]
[WhiteElo "2310"]
[BlackElo "2219"]
[EventDate "2023.08.13"]
[PlyCount "139"]

1.d4 Nf6 2.Nf3 d5 3.c4 e6 4.Nc3 Bb4 5.cxd5 exd5 6.Bg5 h6 7.Bh4 O-O 8.e3 
Bf5 9.Qb3 Bxc3+ 10.bxc3 Nbd7 11.Be2 c5 12.O-O b6 13.c4 Be6 14.Rfd1 dxc4 
15.Bxc4 Bxc4 16.Qxc4 cxd4 17.Rxd4 Qc8 18.Qb5 Re8 19.Rad1 a6 20.Qb1 Re6 21.
h3 Nf8 22.Rb4 b5 23.Nd4 Rd6 24.Bg3 Rd7 25.Rb3 Qe8 26.Nf5 Rxd1+ 27.Qxd1 Rd8
28.Qa1 Qe6 29.Nd4 Qe8 30.Bh4 N8h7 31.a4 bxa4 32.Ra3 Rc8 33.Rxa4 g5 34.Bg3 
Rc1+ 35.Qxc1 Qxa4 36.Qc8+ Nf8 37.Nf5 Qa1+ 38.Kh2 h5 39.Ne7+ Kg7 40.Qf5 Ng6
41.Qxg5 Ne4 42.Nf5+ Kg8 43.Qd8+ Nf8 44.Bf4 Nxf2 45.Qe7 Ng6 46.Qe8+ Nf8 47.
Nh6+ Kh7 48.Qxf8 Qh1+ 49.Kg3 Ne4+ 50.Kh4 Qxg2 51.Qxf7+ Qg7 52.Qxg7+ Kxg7 
53.Kxh5 a5 54.Be5+ Kf8 55.Kg6 Ke7 56.Kf5 Nd2 57.Bf6+ Kf8 58.e4 a4 59.e5 a3
60.e6 a2 61.Nf7 Nc4 62.Kg6 a1=Q 63.Bxa1 Ke7 64.Ng5 Ne3 65.Bf6+ Ke8 66.Nf7 
Nc4 67.h4 Kf8 68.h5 Kg8 69.Bg7 Ne5+ 70.Bxe5 1-0

[Event "94th GER-ch"]
[Site "Ostfildern GER"]
[Date "2023.08.18"]
[Round "7.17"]
[White "Kocharin, Timur"]
[Black "Bosselmann, Tom Linus"]
[Result "0-1"]
[WhiteElo "2179"]
[BlackElo "2106"]
[EventDate "2023.08.13"]
[PlyCount "180"]

1.d4 Nf6 2.Nf3 g6 3.c4 Bg7 4.g3 O-O 5.Bg2 d6 6.O-O Nc6 7.Nc3 a6 8.d5 Na5 
9.Nd2 c5 10.e4 Rb8 11.a4 Bd7 12.Qc2 Re8 13.b3 Qc7 14.Bb2 e6 15.h3 exd5 16.
cxd5 b5 17.Ra2 b4 18.Nd1 Qc8 19.Ne3 Bxh3 20.e5 dxe5 21.Ndc4 Nxc4 22.Qxc4 
Bxg2 23.Kxg2 Qb7 24.Rd1 Rbd8 25.Qxc5 Rc8 26.Qa5 Bh6 27.Nc4 Rcd8 28.Bxe5 
Rxd5 29.Rxd5 Qxd5+ 30.Qxd5 Nxd5 31.f4 Bg7 32.Rd2 Bxe5 33.Rxd5 Bc3 34.Kf3 
h5 35.Rd7 Kf8 36.Nd6 Re7 37.Rd8+ Kg7 38.Ne4 Bb2 39.Rd6 Ra7 40.a5 Ba1 41.
Nc5 Rc7 42.Na4 Rc1 43.Ke2 Rg1 44.Rd3 Rg2+ 45.Kf3 Ra2 46.Ke4 Bf6 47.Kd5 Rc2
48.Ke4 Re2+ 49.Kf3 Ra2 50.Rd5 Ra3 51.Rd3 Bc3 52.Rd6 Rxb3 53.Rxa6 Be1+ 54.
Ke2 Bxg3 55.Rb6 Ra3 56.Rxb4 Ra2+ 57.Kf3 Be1 58.Re4 Bxa5 59.Nc5 Ra3+ 60.Kg2
Ra2+ 61.Kf3 Bc3 62.Rc4 Bf6 63.Ne4 Ra3+ 64.Kg2 Ra7 65.Rc6 Be7 66.f5 Ba3 67.
f6+ Kh6 68.Rc8 g5 69.Rh8+ Kg6 70.Rg8+ Kf5 71.Nxg5 Kxf6 72.Nh7+ Ke6 73.Ng5+
Kf5 74.Nf3 Be7 75.Rh8 Ra2+ 76.Kf1 Ra1+ 77.Kg2 Ra2+ 78.Kf1 Bf6 79.Rxh5+ Kg4
80.Rh6 Bg7 81.Nh2+ Kg3 82.Rh7 Bd4 83.Rxf7 Rxh2 84.Ke1 Be5 85.Re7 Bf4 86.
Kd1 Kf3 87.Re2 Rh8 88.Rb2 Rc8 89.Rc2 Rd8+ 90.Ke1 Bg3+ 0-1

[Event "94th GER-ch"]
[Site "Ostfildern GER"]
[Date "2023.08.18"]
[Round "7.18"]
[White "Buescher, Andre"]
[Black "Malek, Daniel"]
[Result "1/2-1/2"]
[WhiteElo "2055"]
[BlackElo "2321"]
[EventDate "2023.08.13"]
[PlyCount "117"]

1.e4 e6 2.d4 d5 3.Nc3 Nf6 4.exd5 exd5 5.Nf3 c6 6.Bd3 Bd6 7.O-O O-O 8.h3 
Nbd7 9.Re1 h6 10.Ne5 Re8 11.Bf4 Nf8 12.Re3 Ne6 13.Bxh6 gxh6 14.Rg3+ Kf8 
15.Qd2 Ng8 16.Re1 Ke7 17.f4 Qb6 18.Qe3 Kf8 19.Ne2 Ng7 20.Bh7 Nf6 21.Qd3 
Ne4 22.Bxe4 dxe4 23.Qxe4 Bf5 24.Nd7+ Bxd7 25.Qh7 Nf5 26.Rg8+ Ke7 27.Ng3+ 
Kd8 28.Rexe8+ Bxe8 29.Nxf5 Kc7 30.Qh8 Qxb2 31.Nxd6 Qc1+ 32.Kf2 Qxf4+ 33.
Ke2 Kxd6 34.Rxe8 Rxe8+ 35.Qxe8 Qxd4 36.Qf8+ Ke5 37.Qe7+ Kf4 38.Qxf7+ Kg3 
39.Qg6+ Kh2 40.Kf3 Qd1+ 41.Ke3 Qe1+ 42.Kd4 Qf2+ 43.Ke5 Qxg2 44.Qxh6 Qxc2 
45.h4 Kh3 46.Qe3+ Kxh4 47.Qxa7 Qe2+ 48.Kd6 Qb5 49.Qd4+ Kg3 50.a4 Qa6 51.
Qe5+ Kf3 52.Qc3+ Ke4 53.Qb4+ Kd3 54.Kc7 c5 55.Qxc5 Qxa4 56.Qd5+ Kc3 57.
Qxb7 Qc4+ 58.Qc6 Qxc6+ 59.Kxc6 1/2-1/2

[Event "94th GER-ch"]
[Site "Ostfildern GER"]
[Date "2023.08.19"]
[Round "8.1"]
[White "Kunin, Vitaly"]
[Black "Lagunow, Raphael"]
[Result "1/2-1/2"]
[WhiteElo "2532"]
[BlackElo "2413"]
[EventDate "2023.08.13"]
[PlyCount "33"]

1.d4 Nf6 2.c4 g6 3.Nc3 Bg7 4.e4 d6 5.Be2 O-O 6.Bg5 c5 7.d5 h6 8.Bf4 e6 9.
dxe6 Bxe6 10.Nf3 Qb6 11.O-O Qxb2 12.Na4 Qa3 13.Bc1 Qb4 14.Bd2 Qa3 15.Bc1 
Qb4 16.Bd2 Qa3 17.Bc1 1/2-1/2

[Event "94th GER-ch"]
[Site "Ostfildern GER"]
[Date "2023.08.19"]
[Round "8.2"]
[White "Koelle, Tobias"]
[Black "Dahl, Christoph"]
[Result "1-0"]
[WhiteElo "2438"]
[BlackElo "2336"]
[EventDate "2023.08.13"]
[PlyCount "89"]

1.d4 Nf6 2.c4 g6 3.Nc3 Bg7 4.e4 d6 5.h3 O-O 6.Be3 c5 7.Nf3 Qa5 8.Bd3 cxd4 
9.Nxd4 Nc6 10.O-O Nxd4 11.Bxd4 Be6 12.Be2 Nd7 13.Nd5 Bxd5 14.exd5 Bxd4 15.
Qxd4 Rac8 16.Rfe1 Rc7 17.Bf1 Re8 18.Re3 a6 19.Rae1 Nf6 20.a3 Qa4 21.b4 Qd7
22.Qb6 Qd8 23.a4 Qd7 24.a5 Qd8 25.g3 Qc8 26.Qd4 Nh5 27.Re4 Ng7 28.Qb6 Qd8 
29.c5 dxc5 30.bxc5 Rd7 31.c6 Rxd5 32.Qxb7 Ne6 33.Bc4 Rd1 34.Bxe6 fxe6 35.
Qxa6 Qd2 36.Qf1 Rxe1 37.Qxe1 Qc2 38.Rxe6 Rb8 39.c7 Rb1 40.c8=Q+ Qxc8 41.
Qxb1 Qxe6 42.Qb6 Qe1+ 43.Kh2 Qe4 44.a6 Kf7 45.Qb7 1-0

[Event "94th GER-ch"]
[Site "Ostfildern GER"]
[Date "2023.08.19"]
[Round "8.3"]
[White "Hacker, Jonas"]
[Black "Fridman, Daniel"]
[Result "1-0"]
[WhiteElo "2406"]
[BlackElo "2586"]
[EventDate "2023.08.13"]
[PlyCount "101"]

1.e4 d6 2.d4 Nf6 3.Nc3 g6 4.Be3 Bg7 5.Qd2 O-O 6.Bh6 e5 7.Bxg7 Kxg7 8.O-O-O
exd4 9.Qxd4 Nc6 10.Qd2 Rb8 11.f3 Be6 12.g4 h5 13.g5 Nd7 14.f4 f6 15.gxf6+ 
Qxf6 16.Bh3 Nb6 17.Bxe6 Qxe6 18.f5 Qf6 19.Nf3 gxf5 20.Rhg1+ Kf7 21.Ng5+ 
Ke7 22.Nh7 Qe5 23.Qg5+ Kd7 24.Qg7+ Qe7 25.Nxf8+ Rxf8 26.Qxe7+ Nxe7 27.exf5
Rxf5 28.Rdf1 Re5 29.Re1 Rf5 30.Rg7 Nc8 31.Ne4 Rf4 32.Rh7 h4 33.Nd2 d5 34.
Rf1 Ra4 35.a3 Nd6 36.c3 c5 37.Nf3 Nf5 38.Re1 Kd6 39.Nxh4 Rxh4 40.Rexe7 
Rxh2 41.Rd7+ Ke6 42.Rxb7 Rf2 43.Rh1 d4 44.cxd4 cxd4 45.Rd1 Ke5 46.Rxa7 Ne3
47.Re7+ Kf6 48.Rxd4 Rf1+ 49.Kd2 Nf5 50.Ree4 Rf2+ 51.Kc3 1-0

[Event "94th GER-ch"]
[Site "Ostfildern GER"]
[Date "2023.08.19"]
[Round "8.4"]
[White "Gloeckler, Christian"]
[Black "Deuer, Marius"]
[Result "0-1"]
[WhiteElo "2318"]
[BlackElo "2440"]
[EventDate "2023.08.13"]
[PlyCount "134"]

1.e4 e5 2.Nf3 Nc6 3.Nc3 Nf6 4.Bb5 Bb4 5.O-O O-O 6.d3 d6 7.Bg5 Bxc3 8.bxc3 
Qe7 9.Bxc6 bxc6 10.h3 h6 11.Bxf6 Qxf6 12.d4 a5 13.dxe5 dxe5 14.Re1 a4 15.
a3 Qe7 16.Qe2 Ba6 17.Qe3 Rfb8 18.Nh2 Rb2 19.Qc1 Rab8 20.Ng4 h5 21.Ne3 g6 
22.Rd1 Bc8 23.Nc4 R2b5 24.Qe3 Rc5 25.Rd8+ Kg7 26.Re8 Qxe8 27.Qxc5 Ba6 28.
Qxe5+ Qxe5 29.Nxe5 Rb2 30.Rd1 Bc8 31.Nxc6 Rxc2 32.Rd3 Bb7 33.Nd8 Bxe4 34.
Rd7 Rxc3 35.Rxf7+ Kg8 36.Rf6 Rxa3 37.Ne6 Bf5 38.Rf8+ Kh7 39.Rf7+ Kh6 40.
Nf8 Kg5 41.g3 Bxh3 42.Nh7+ Kh6 43.Nf8 h4 44.Kh2 Bc8 45.g4 Kg5 46.f3 Ra2+ 
47.Kh3 Bxg4+ 48.fxg4 Ra3+ 49.Kh2 Ra2+ 50.Kh3 Ra3+ 51.Kh2 Kxg4 52.Rxc7 Ra2+
53.Kg1 g5 54.Rc4+ Kh5 55.Ne6 h3 56.Rc5 Rg2+ 57.Kh1 Kh4 58.Rc4+ Rg4 59.Nd4 
Rf4 60.Rxa4 Rf1+ 61.Kh2 g4 62.Nc6 Rf2+ 63.Kh1 Rf1+ 64.Kh2 Rf2+ 65.Kh1 h2 
66.Ra8 Kh3 67.Rh8+ Kg3 0-1

[Event "94th GER-ch"]
[Site "Ostfildern GER"]
[Date "2023.08.19"]
[Round "8.5"]
[White "Poetsch, Hagen"]
[Black "Colbow, Collin"]
[Result "1/2-1/2"]
[WhiteElo "2484"]
[BlackElo "2409"]
[EventDate "2023.08.13"]
[PlyCount "49"]

1.e4 c5 2.Nf3 d6 3.d4 cxd4 4.Nxd4 Nf6 5.Nc3 Nc6 6.Bg5 Bd7 7.Nxc6 bxc6 8.
Bc4 Qa5 9.Qd2 Qb4 10.b3 e6 11.a3 Qa5 12.O-O Be7 13.b4 Qc7 14.Rad1 Rd8 15.
Bf4 e5 16.Bg5 Bg4 17.f3 Bc8 18.Qf2 O-O 19.Rd3 Be6 20.Bxe6 fxe6 21.Qg3 d5 
22.Qh3 Rd6 23.Qg3 Rdd8 24.Qh3 Rd6 25.Qg3 1/2-1/2

[Event "94th GER-ch"]
[Site "Ostfildern GER"]
[Date "2023.08.19"]
[Round "8.6"]
[White "Meister, Jakob"]
[Black "Miller, Eduard"]
[Result "1-0"]
[WhiteElo "2439"]
[BlackElo "2324"]
[EventDate "2023.08.13"]
[PlyCount "81"]

1.c4 Nf6 2.Nc3 g6 3.e4 d6 4.d4 Bg7 5.Bd3 O-O 6.Nge2 c5 7.d5 e6 8.O-O exd5 
9.exd5 Re8 10.Ng3 Ng4 11.Be2 Nh6 12.Nge4 Nf5 13.Bg5 f6 14.Bf4 g5 15.Bd2 
Nd4 16.Bh5 Rf8 17.Ne2 Qe7 18.Nxd4 Qxe4 19.Ne6 Bxe6 20.Re1 Qxc4 21.dxe6 Nc6
22.Bc3 Rae8 23.Bxe8 Rxe8 24.Qxd6 Ne5 25.Bxe5 fxe5 26.e7 Kf7 27.Rac1 Qxa2 
28.Rxc5 Rxe7 29.Rc7 Qe6 30.Rxe7+ Qxe7 31.Qd5+ Kf6 32.b3 h5 33.Rd1 h4 34.h3
Bf8 35.Qe4 Qc7 36.Qf3+ Kg7 37.Qf5 Be7 38.Rd7 Qc5 39.Qxg5+ Kf8 40.Qf5+ Ke8 
41.Rxb7 1-0

[Event "94th GER-ch"]
[Site "Ostfildern GER"]
[Date "2023.08.19"]
[Round "8.7"]
[White "Arndt, Magnus"]
[Black "Nemitz, Alfred"]
[Result "1-0"]
[WhiteElo "2405"]
[BlackElo "2228"]
[EventDate "2023.08.13"]
[PlyCount "190"]

1.e4 e5 2.Nf3 Nc6 3.Bb5 a6 4.Ba4 Nf6 5.O-O Be7 6.d3 b5 7.Bb3 d6 8.a3 O-O 
9.Nc3 Be6 10.Nd5 Na5 11.Nxf6+ Bxf6 12.Bxe6 fxe6 13.b4 Nc6 14.c3 Qd7 15.Be3
Rfe8 16.g3 Rad8 17.Qe2 d5 18.Rfc1 a5 19.a4 Rb8 20.axb5 Rxb5 21.d4 Reb8 22.
dxe5 dxe4 23.Nd4 Rxe5 24.Nxc6 Qxc6 25.bxa5 Qb5 26.Qxb5 Rexb5 27.a6 Ra8 28.
a7 c5 29.Ra6 Be7 30.Bf4 Kf7 31.Bb8 Rbxb8 32.axb8=Q Rxb8 33.Ra4 Bg5 34.Rc2 
Rb1+ 35.Kg2 Re1 36.Raa2 Bf6 37.Ra5 Be7 38.Rca2 e3 39.Ra1 exf2 40.Kxf2 Re4 
41.R5a4 Re5 42.Re1 Rf5+ 43.Kg2 Rd5 44.Ra6 Bf6 45.Ra7+ Be7 46.Rb1 Rd8 47.
Rbb7 Re8 48.Rc7 Kf6 49.Kf3 h5 50.Ke4 g6 51.Kd3 Bd6 52.Rf7+ Kg5 53.Ra4 Rf8 
54.Rxf8 Bxf8 55.Ra8 Be7 56.Ke4 Kf6 57.Ra6 Bf8 58.Ra2 Bd6 59.Rf2+ Ke7 60.
Kd3 g5 61.Ke4 Bc7 62.Kf3 Kf6 63.h3 Bd6 64.g4 hxg4+ 65.hxg4 Ke5 66.Ra2 Kd5 
67.Rd2+ Ke5 68.Rd1 Bc7 69.Rd7 Ba5 70.c4 Bc3 71.Rd1 Bd4 72.Re1+ Kf6 73.Ke4 
Ke7 74.Kd3 Kf6 75.Kc2 Ke7 76.Kb3 Kd6 77.Ka4 Bf2 78.Re2 Bg1 79.Kb5 Bd4 80.
Kb6 Bg1 81.Kb7 Bd4 82.Kc8 Bf6 83.Re1 Bc3 84.Re3 Bd4 85.Re4 Bf6 86.Re2 Be7 
87.Rf2 Kc6 88.Rf1 Kd6 89.Rd1+ Kc6 90.Ra1 Kd6 91.Ra6+ Ke5 92.Kd7 Bf8 93.
Rxe6+ Kd4 94.Rg6 Kxc4 95.Ke8 Kd5 1-0

[Event "94th GER-ch"]
[Site "Ostfildern GER"]
[Date "2023.08.19"]
[Round "8.8"]
[White "Eichstaedt, Mirko"]
[Black "Malek, Daniel"]
[Result "1/2-1/2"]
[WhiteElo "2237"]
[BlackElo "2321"]
[EventDate "2023.08.13"]
[PlyCount "107"]

1.d4 Nf6 2.Nf3 e6 3.g3 b5 4.Bg2 Bb7 5.O-O c5 6.Bg5 Na6 7.c3 Be7 8.Qd3 Qb6 
9.Nbd2 d5 10.a3 O-O 11.Ne5 Rfd8 12.b4 c4 13.Qc2 Nc7 14.e4 h6 15.Bxf6 Bxf6 
16.f4 a5 17.Kh1 Be7 18.f5 axb4 19.fxe6 Qxe6 20.axb4 Rxa1 21.Rxa1 Bf6 22.
exd5 Nxd5 23.Re1 Qb6 24.Nd7 Qc7 25.Nxf6+ Nxf6 26.Ne4 Nd5 27.Nf2 Bc6 28.Ng4
Ne7 29.Ne3 Qb7 30.Bxc6 Qxc6+ 31.Qg2 Qd7 32.Qe4 Qe6 33.Qxe6 fxe6 34.Ra1 e5 
35.dxe5 Rd3 36.Nc2 Rxc3 37.Nd4 Re3 38.Nxb5 Rxe5 39.Nd6 c3 40.Rc1 Nd5 41.b5
Re6 42.Nc4 Re4 43.Na3 Ra4 44.Nc2 Ra2 45.Nd4 Rb2 46.Kg1 Kf7 47.h3 Kf6 48.
Kf1 Ke5 49.Ne2 c2 50.Ke1 Ke4 51.Kd2 g5 52.Rxc2 Rxb5 53.Rc4+ Ke5 54.h4 
1/2-1/2

[Event "94th GER-ch"]
[Site "Ostfildern GER"]
[Date "2023.08.19"]
[Round "8.9"]
[White "Stelmaszyk, Nico"]
[Black "Krassowizkij, Jaroslaw"]
[Result "1/2-1/2"]
[WhiteElo "2337"]
[BlackElo "2445"]
[EventDate "2023.08.13"]
[PlyCount "77"]

1.e4 e5 2.Nf3 Nc6 3.Bb5 a6 4.Ba4 Nf6 5.Nc3 d6 6.Bxc6+ bxc6 7.d4 exd4 8.
Nxd4 Bd7 9.Qf3 Be7 10.e5 Nd5 11.Nxc6 Bxc6 12.Nxd5 Bxd5 13.Qxd5 O-O 14.O-O 
dxe5 15.Qxe5 Bf6 16.Qa5 Re8 17.Rb1 Bd4 18.Bg5 Bb6 19.Qf5 Qd4 20.Be3 Qa4 
21.Bxb6 cxb6 22.Ra1 g6 23.Qd3 Rad8 24.Qb3 Qxb3 25.axb3 Rd2 26.Rxa6 Rxc2 
27.Rxb6 Rxb2 28.h4 Re6 29.Rxe6 fxe6 30.Re1 Rxb3 31.Rxe6 Kf7 32.Ra6 h5 33.
g3 Rc3 34.Kg2 Rb3 35.Ra7+ Kf6 36.Ra6+ Kf7 37.Ra7+ Kf6 38.Ra6+ Kf7 39.Ra7+ 
1/2-1/2